000 00605nam a2200205 4500
008 b xx# ara u
010 _a34005
040 _aLB-BrCRDP
082 _a892.7/A122n
100 1 _a. عبود، مارون
130 0 _lAR
240 _aNakadat Aaber
245 1 0 _a. نقدات عابر
_cمارون عبود
260 _aبيروت
_bدار مارون عبود: دار الثقافة
_c1980
300 _a319 ص. ؛
_c24 سم.
650 _aالادب اللبناني
_xنقد
700 0 _aMaroun Abboud
942 _cBK
999 _c14441
_d14441